000 00733nam a2200181Ia 4500
008 151202s9999||||xx |||||||||||||| ||und||
082 _bPNVM-49075
100 _aजावडेकर मुरलीधर.
245 _aविज्ञानाचा कल्पतरु.
260 _b"मुरलीधर जावडेकर साहित्यकला प्रतिष्ठान,पुणे."
260 _c5 2012
300 _a52
600 _aजावडेकर मुरलीधर.
630 _aविज्ञानाचा कल्पतरु.
700 _aजावडेकर मुरलीधर.
730 _aविज्ञानाचा कल्पतरु.
942 _cBOOK
999 _c1314972
_d1314969